000 00321nam a2200133Ia 4500
008 210210b1981 xxu||||| |||| 00| 0 eng d
082 _a340.0954 TANH
100 _aTANDON (Gauri Shanker).
245 _aHindu law.
260 _aLucknow.
_bPrakashan Kendra.,
_c1981
300 _a183
690 _aLaw
906 _aSG01937
999 _c113468
_d113468